[Event "Legends and Prodigies"]
[Site "Madrid ESP"]
[Date "2025.09.17"]
[Round "1.1"]
[White "Macias Pino, Diego"]
[Black "Schnaider, Ilan"]
[Result "1/2-1/2"]
[WhiteTitle "IM"]
[BlackTitle "IM"]
[WhiteElo "2503"]
[BlackElo "2409"]
[WhiteFideId "24529133"]
[BlackFideId "169013"]
[EventDate "2025.09.17"]

1. d4 Nf6 2. c4 e6 3. Nc3 d5 4. cxd5 Nxd5 5. e4 Nxc3 6. bxc3 c5 7. Rb1 Be7 8.
Nf3 O-O 9. Bc4 cxd4 10. cxd4 a6 11. O-O b5 12. Bd3 Nc6 13. Bc2 Nb4 14. Bb3 a5
15. a3 a4 16. axb4 axb3 17. Qxb3 Ra4 18. Qd3 Bb7 19. Bd2 Qa8 20. Rfe1 Ra3 21.
Qe2 Ra2 22. Qd3 Ra3 23. Qe2 Rc8 24. Bg5 Bf8 25. d5 exd5 26. e5 Qa6 27. e6 fxe6
28. Qxe6+ Qxe6 29. Rxe6 Ra6 30. Rxa6 Bxa6 31. Ra1 Bb7 32. Ra7 Ra8 33. Rxa8 1/2-1/2

[Event "Legends and Prodigies"]
[Site "Madrid ESP"]
[Date "2025.09.17"]
[Round "1.2"]
[White "Cuenca Jimenez, Jose Fernando"]
[Black "Oro, Faustino"]
[Result "0-1"]
[WhiteTitle "GM"]
[BlackTitle "IM"]
[WhiteElo "2475"]
[BlackElo "2464"]
[WhiteFideId "2255570"]
[BlackFideId "20000197"]
[EventDate "2025.09.17"]

1. d4 d5 2. c4 e6 3. Nc3 c6 4. e4 dxe4 5. Nxe4 Nd7 6. Nf3 Ngf6 7. Nxf6+ Nxf6 8.
Be2 Bb4+ 9. Bd2 Qa5 10. O-O Bxd2 11. Qxd2 Qxd2 12. Nxd2 Ke7 13. Nf3 Rd8 14. Rfd1
Nd7 15. Rac1 b6 16. c5 Bb7 17. Rc3 Nf6 18. Ra3 Nd5 19. Ne5 b5 20. Bf1 f6 21. Rg3
g6 22. Nd3 Kf7 23. Rg4 Rd7 24. Re1 Rad8 25. Rh4 h5 26. Rhe4 Nc7 27. Nf4 Re7 28.
Nd3 g5 29. h4 f5 30. R4e3 gxh4 31. Ne5+ Kf6 32. Rd1 Na6 33. Be2 Rg7 34. Bf3 Nb4
35. Be2 Nc2 36. Red3 h3 37. g3 h4 38. Kh2 hxg3+ 39. fxg3 Rxd4 40. Rxd4 Nxd4 41.
Ng4+ fxg4 42. Rxd4 e5 43. Rxg4 Rd7 44. Re4 Rd2 45. Kxh3 Rxb2 46. a4 bxa4 47. Bg4
Ba6 48. Bd7 Bb5 49. Re3 Rb3 50. Re1 a3 51. Ra1 Rd3 52. Bg4 Bc4 53. Kh4 a2 54.
Bd1 Rd2 0-1

[Event "Legends and Prodigies"]
[Site "Madrid ESP"]
[Date "2025.09.17"]
[Round "1.3"]
[White "Larino Nieto, David"]
[Black "Almeida Quintana, Omar"]
[Result "1-0"]
[WhiteTitle "GM"]
[BlackTitle "GM"]
[WhiteElo "2451"]
[BlackElo "2494"]
[WhiteFideId "2256444"]
[BlackFideId "3503313"]
[EventDate "2025.09.17"]

1. e4 g6 2. d4 Bg7 3. Nc3 d6 4. Be3 a6 5. Qd2 b5 6. h4 h5 7. f3 Nf6 8. O-O-O Bb7
9. Nh3 Nbd7 10. Qe1 e5 11. dxe5 dxe5 12. Bg5 Qe7 13. Nd5 Bxd5 14. exd5 Bh6 15.
Qe3 Bxg5 16. hxg5 Nh7 17. f4 exf4 18. Qxf4 O-O 19. g4 h4 20. Kb1 Qe5 21. Qf2 Qg3
22. Qxg3 hxg3 23. Rg1 Nb6 24. Rxg3 Rad8 25. Bg2 Rfe8 26. b3 Re5 27. Rc3 Nxd5 28.
Kb2 Rd7 29. Rc6 b4 30. Bf3 Nf8 31. a3 a5 32. axb4 Nxb4 33. Rxd7 Nxd7 34. Rxc7
Nc5 35. Nf4 Ne4 36. c3 Nxg5 37. Bb7 Rb5 38. cxb4 Rxb4 39. Nd5 Rd4 40. Kc2 Ne6
41. Rc4 f5 42. gxf5 gxf5 43. Ne7+ Kf7 44. Nxf5 Rxc4+ 45. bxc4 Kf6 46. Nh4 Ke5
47. Nf3+ Kd6 48. Kc3 Kc5 49. Nd2 Kb6 50. Bd5 Nc5 51. Ne4 Nd7 52. Kd4 a4 53. c5+
Kb5 54. Nc3+ Kb4 55. c6 Nb6 56. c7 a3 57. Be6 1-0

[Event "Legends and Prodigies"]
[Site "Madrid ESP"]
[Date "2025.09.17"]
[Round "1.4"]
[White "Granda Zuniga, Julio E"]
[Black "Martinez Reyes, Pedro Ramon"]
[Result "1-0"]
[WhiteTitle "GM"]
[BlackTitle "IM"]
[WhiteElo "2628"]
[BlackElo "2376"]
[WhiteFideId "3800024"]
[BlackFideId "3901807"]
[EventDate "2025.09.17"]

1. Nf3 d5 2. g3 Nf6 3. Bg2 c6 4. d3 h6 5. b3 Bf5 6. Bb2 e6 7. O-O Be7 8. Nbd2
O-O 9. c4 a5 10. Qb1 Bh7 11. a3 Qb6 12. Bc3 c5 13. cxd5 exd5 14. e4 Nc6 15. Ne5
Nxe5 16. Bxe5 Rfd8 17. Ra2 dxe4 18. dxe4 Qe6 19. Bxf6 Bxf6 20. a4 Rd4 21. Re1
Re8 22. Qc1 b6 23. Nc4 Rd3 24. Rd2 Rxb3 25. Rd6 Qe7 26. e5 Rb1 27. Qe3 Bxe5 28.
Rxb1 Bxd6 29. Nxd6 Qxe3 30. fxe3 Bxb1 31. Nxe8 c4 32. Kf2 1-0

[Event "Legends and Prodigies"]
[Site "Madrid ESP"]
[Date "2025.09.17"]
[Round "1.5"]
[White "Lu, Miaoyi"]
[Black "Pichot, Alan"]
[Result "0-1"]
[WhiteTitle "IM"]
[BlackTitle "GM"]
[WhiteElo "2449"]
[BlackElo "2588"]
[WhiteFideId "8618020"]
[BlackFideId "110973"]
[EventDate "2025.09.17"]

1. e4 e5 2. Nf3 Nc6 3. Bc4 Nf6 4. Ng5 d5 5. exd5 Na5 6. Bb5+ c6 7. dxc6 bxc6 8.
Bd3 Nd5 9. h4 Be7 10. Qf3 f5 11. Bxf5 Rf8 12. Qh5+ g6 13. Bxg6+ hxg6 14. Qxg6+
Kd7 15. d3 Kc7 16. Bd2 Kb7 17. Qe4 Rb8 18. Qa4 Qb6 19. O-O Bd8 20. b4 Qd4 21.
Ne4 Ka8 22. c3 Qxd3 23. bxa5 Bxh4 24. Nc5 Qb5 25. Qxb5 Rxb5 26. Nb3 Rb7 27. g3
Rh7 28. c4 Nf4 29. Nc3 Be7 30. Rfe1 Nh3+ 31. Kh1 Rxf2 32. Re2 Rxe2 33. Nxe2 Nf4+ 0-1

[Event "Legends and Prodigies"]
[Site "Madrid ESP"]
[Date "2025.09.18"]
[Round "2.1"]
[White "Martinez Reyes, Pedro Ramon"]
[Black "Schnaider, Ilan"]
[Result "1-0"]
[WhiteTitle "IM"]
[BlackTitle "IM"]
[WhiteElo "2376"]
[BlackElo "2409"]
[WhiteFideId "3901807"]
[BlackFideId "169013"]
[EventDate "2025.09.17"]

1. d4 d5 2. c4 e6 3. Nc3 Nf6 4. cxd5 exd5 5. Bg5 Be6 6. e3 Nbd7 7. Bd3 c6 8. Nf3
Bd6 9. Bf4 Qc7 10. Bxd6 Qxd6 11. h3 O-O 12. O-O Rfe8 13. Qc2 h6 14. Rfb1 a5 15.
a3 Rec8 16. b3 b5 17. Rc1 Rab8 18. Qd1 g6 19. a4 b4 20. Ne2 Nh5 21. Ra2 Rb6 22.
Rac2 Qe7 23. Bb5 Qd6 24. Bd3 Qe7 25. Bb5 Qd6 26. Rc5 Nhf6 27. Bd3 Qb8 28. Rxa5
Qb7 29. Nf4 g5 30. Nxe6 fxe6 31. Qe2 Qc7 32. Ra6 Kg7 33. Rxb6 Qxb6 34. e4 Re8
35. Qc2 e5 36. dxe5 Nxe5 37. Nxe5 Rxe5 38. Qxc6 Qxc6 39. Rxc6 dxe4 40. Bc4 g4
41. Re6 Rf5 42. hxg4 Nxg4 43. Rxe4 Nxf2 44. Rd4 h5 45. Be2 Kf6 46. Rxb4 Kg5 47.
Rb5 1-0

[Event "Legends and Prodigies"]
[Site "Madrid ESP"]
[Date "2025.09.18"]
[Round "2.2"]
[White "Oro, Faustino"]
[Black "Larino Nieto, David"]
[Result "1-0"]
[WhiteTitle "IM"]
[BlackTitle "GM"]
[WhiteElo "2464"]
[BlackElo "2451"]
[WhiteFideId "20000197"]
[BlackFideId "2256444"]
[EventDate "2025.09.17"]

1. e4 e6 2. d4 d5 3. Nc3 dxe4 4. Nxe4 Nf6 5. Nxf6+ gxf6 6. Be3 Nc6 7. Be2 Qd6 8.
Bf3 e5 9. Ne2 Bf5 10. O-O O-O-O 11. c3 h5 12. Ng3 Bg6 13. Qb3 h4 14. Ne4 Qe6 15.
Nc5 Bxc5 16. d5 Na5 17. Qa4 Rxd5 18. Bxd5 Qxd5 19. Rfd1 Bd3 20. Qg4+ f5 21. Qg7
Rd8 22. Bxc5 Nc6 23. b4 h3 24. b5 Qxc5 25. bxc6 Qxc6 26. Qg3 Qxg2+ 27. Qxg2 hxg2
28. Kxg2 Rg8+ 29. Kf3 e4+ 30. Ke3 Rh8 31. Rh1 Rh3+ 32. Kf4 Rf3+ 33. Ke5 Rxf2 34.
h4 f4 35. Rad1 f6+ 36. Kxf6 f3 37. h5 e3 38. Rxd3 e2 39. Re3 Rf1 40. Rh3 e1=Q
41. Rxe1 Rxe1 42. Rxf3 Re2 43. a3 Rh2 44. Kg5 Rg2+ 45. Kh4 b5 46. h6 Rg6 47. Kh5
Rg1 48. Rh3 Rg8 49. h7 Rh8 50. Kg6 Kb7 51. Kg7 Rxh7+ 52. Rxh7 a5 53. Kf6 1-0

[Event "Legends and Prodigies"]
[Site "Madrid ESP"]
[Date "2025.09.18"]
[Round "2.3"]
[White "Granda Zuniga, Julio E"]
[Black "Cuenca Jimenez, Jose Fernando"]
[Result "1/2-1/2"]
[WhiteTitle "GM"]
[BlackTitle "GM"]
[WhiteElo "2628"]
[BlackElo "2475"]
[WhiteFideId "3800024"]
[BlackFideId "2255570"]
[EventDate "2025.09.17"]

1. d4 Nf6 2. c4 g6 3. f3 Bg7 4. e4 d6 5. Ne2 O-O 6. Nec3 e5 7. d5 Nh5 8. Be3 f5
9. Nd2 Bf6 10. g3 Bg5 11. Bf2 Bh6 12. c5 Nd7 13. cxd6 cxd6 14. Be2 fxe4 15.
Ndxe4 Ndf6 16. O-O Nxe4 17. Nxe4 Nf6 18. Bd3 Nxe4 19. Bxe4 Bf5 20. Re1 Qa5 21.
Qb3 Rf7 22. Rad1 Rc8 23. Kg2 b5 24. Bxf5 Rxf5 25. Re4 Rf7 26. Be1 Qb6 27. Rd3
Rc1 28. Rc3 Rc7 29. Rxc7 Rxc7 30. Rb4 a6 31. a4 Be3 32. axb5 Bc5 33. Rc4 Qxb5 1/2-1/2

[Event "Legends and Prodigies"]
[Site "Madrid ESP"]
[Date "2025.09.18"]
[Round "2.4"]
[White "Pichot, Alan"]
[Black "Macias Pino, Diego"]
[Result "1-0"]
[WhiteTitle "GM"]
[BlackTitle "IM"]
[WhiteElo "2588"]
[BlackElo "2503"]
[WhiteFideId "110973"]
[BlackFideId "24529133"]
[EventDate "2025.09.17"]

1. e4 e5 2. Nf3 Nc6 3. Bb5 a6 4. Ba4 Nf6 5. O-O Be7 6. d3 b5 7. Bb3 d6 8. c3 O-O
9. h3 Bb7 10. Re1 Na5 11. Bc2 c5 12. Nbd2 Nc6 13. Nf1 Re8 14. Bg5 h6 15. Bh4 d5
16. Ne3 d4 17. Nf5 Bf8 18. Nh2 h5 19. Qf3 g6 20. Bxf6 Qxf6 21. Nxd4 Nxd4 22.
Qxf6 Nxc2 23. Nf3 Re6 24. Qg5 Bg7 25. a4 b4 26. Qd2 Nxa1 27. Rxa1 a5 28. cxb4
cxb4 29. Rc1 Rd6 30. Qe3 Bc6 31. Qb6 Rc8 32. Qxa5 Bf8 33. Nxe5 Ra8 34. Qc7 Be8
35. Qb7 Rdd8 36. Nc6 Bxc6 37. Qxc6 b3 38. e5 Re8 39. e6 fxe6 40. Qe4 Bg7 41.
Qxg6 Re7 42. Rc6 Rf8 43. Rxe6 Ref7 44. Re2 h4 45. Qb6 1-0

[Event "Legends and Prodigies"]
[Site "Madrid ESP"]
[Date "2025.09.18"]
[Round "2.5"]
[White "Almeida Quintana, Omar"]
[Black "Lu, Miaoyi"]
[Result "1/2-1/2"]
[WhiteTitle "GM"]
[BlackTitle "IM"]
[WhiteElo "2494"]
[BlackElo "2449"]
[WhiteFideId "3503313"]
[BlackFideId "8618020"]
[EventDate "2025.09.17"]

1. d4 d5 2. Nf3 e6 3. c4 Nd7 4. e3 Ngf6 5. Nbd2 b6 6. b3 Bd6 7. Bb2 Bb7 8. Bd3
O-O 9. O-O Qe7 10. Ne5 Rfd8 11. Qc2 h6 12. cxd5 Nxd5 13. a3 Bxe5 14. dxe5 Nc5
15. Bc4 Qg5 16. Nf3 Nb4 17. Qh7+ Kxh7 18. Nxg5+ hxg5 19. axb4 Ne4 20. Rfd1 Nd2
21. Bc3 Nxc4 22. bxc4 g4 23. h3 gxh3 24. gxh3 Rxd1+ 25. Rxd1 a5 26. bxa5 bxa5
27. Rd7 a4 28. Rxc7 Be4 29. Rxf7 a3 30. f3 Bd3 31. Kf2 a2 32. Ba1 Rb8 33. Ra7
Bxc4 34. Bd4 Rb1 35. Kg3 Kg6 36. Kf4 Rg1 37. Ra4 Bd5 38. e4 Rd1 39. Bb2 Bb3 40.
Ra3 Rb1 41. Bd4 Bc4 42. Ra4 Rd1 43. Bb2 Bb3 44. Ra3 Rb1 45. Bd4 1/2-1/2

[Event "Legends and Prodigies"]
[Site "Madrid ESP"]
[Date "2025.09.19"]
[Round "3.1"]
[White "Macias Pino, Diego"]
[Black "Almeida Quintana, Omar"]
[Result "1/2-1/2"]
[WhiteTitle "IM"]
[BlackTitle "GM"]
[WhiteElo "2503"]
[BlackElo "2494"]
[WhiteFideId "24529133"]
[BlackFideId "3503313"]
[EventDate "2025.09.17"]

1. e4 d6 2. d4 Nf6 3. Nc3 g6 4. Be3 Bg7 5. h3 O-O 6. Qd2 c6 7. Bd3 e5 8. Nf3
exd4 9. Bxd4 b5 10. a3 a6 11. O-O 1/2-1/2

[Event "Legends and Prodigies"]
[Site "Madrid ESP"]
[Date "2025.09.19"]
[Round "3.2"]
[White "Lu, Miaoyi"]
[Black "Oro, Faustino"]
[Result "0-1"]
[WhiteTitle "IM"]
[BlackTitle "IM"]
[WhiteElo "2449"]
[BlackElo "2464"]
[WhiteFideId "8618020"]
[BlackFideId "20000197"]
[EventDate "2025.09.17"]

1. e4 e5 2. Nf3 Nf6 3. Nc3 Nc6 4. Bb5 Bd6 5. d3 O-O 6. O-O h6 7. Ba4 Re8 8. Be3
Ng4 9. h3 Nf6 10. g4 Bb4 11. g5 hxg5 12. Nxg5 Ne7 13. f4 exf4 14. Bxf4 Ng6 15.
Qf3 c6 16. Rae1 d5 17. e5 Nh7 18. Nxf7 Qh4 19. Bg3 Bc5+ 20. Bf2 Rf8 21. Bxc5 Ng5
22. Qg2 Nxh3+ 23. Kh1 Rxf7 24. Bb3 Nf2+ 25. Kg1 Nf4 26. Bxf2 Nh3+ 27. Kh1 Nxf2+
28. Kg1 Bh3 29. Qg6 Bxf1 30. e6 0-1

[Event "Legends and Prodigies"]
[Site "Madrid ESP"]
[Date "2025.09.19"]
[Round "3.3"]
[White "Larino Nieto, David"]
[Black "Granda Zuniga, Julio E"]
[Result "1-0"]
[WhiteTitle "GM"]
[BlackTitle "GM"]
[WhiteElo "2451"]
[BlackElo "2628"]
[WhiteFideId "2256444"]
[BlackFideId "3800024"]
[EventDate "2025.09.17"]

1. e4 c5 2. Nc3 Nc6 3. g3 g6 4. Bg2 Bg7 5. d3 e6 6. Be3 Nd4 7. Nce2 e5 8. c3 Ne6
9. Nf3 Ne7 10. d4 d6 11. Qd2 O-O 12. Rd1 b6 13. Bh6 f6 14. h4 Qe8 15. Be3 Rf7
16. h5 g5 17. d5 Nc7 18. h6 Bf8 19. Nh2 g4 20. f4 gxf3 21. Bxf3 f5 22. Bh5 Ng6
23. O-O Be7 24. Rf2 Qa4 25. b3 1-0

[Event "Legends and Prodigies"]
[Site "Madrid ESP"]
[Date "2025.09.19"]
[Round "3.4"]
[White "Cuenca Jimenez, Jose Fernando"]
[Black "Martinez Reyes, Pedro Ramon"]
[Result "1-0"]
[WhiteTitle "GM"]
[BlackTitle "IM"]
[WhiteElo "2475"]
[BlackElo "2376"]
[WhiteFideId "2255570"]
[BlackFideId "3901807"]
[EventDate "2025.09.17"]

1. c4 c6 2. d4 d5 3. Nf3 Nf6 4. e3 e6 5. b3 Nbd7 6. Bd3 b6 7. Nbd2 Bb7 8. Bb2
Be7 9. e4 dxe4 10. Nxe4 Nxe4 11. Bxe4 Nf6 12. Bc2 Bb4+ 13. Kf1 Be7 14. h4 c5 15.
Qe2 cxd4 16. Nxd4 Qc7 17. Rd1 a6 18. Nf3 b5 19. Rh3 bxc4 20. bxc4 O-O 21. Ng5
Rfd8 22. Bd3 h6 23. Rg3 hxg5 24. hxg5 Ne4 25. Bxe4 Bxe4 26. Rxd8+ Qxd8 27. Qxe4
Qd1+ 28. Qe1 Qc2 29. Qc1 Qf5 30. Qc3 Qb1+ 31. Ke2 Bf8 32. Qb3 Bd6 33. Qc3 Bf8
34. Qb3 Rd8 35. Re3 Qh1 36. g4 Bc5 37. Rf3 Qb1 38. Rh3 Bxf2 39. Rh8+ Kxh8 40.
Bxg7+ Kxg7 41. Qxb1 Bd4 42. Qe4 a5 43. g6 fxg6 44. Qxe6 Bf6 45. c5 Rb8 1-0

[Event "Legends and Prodigies"]
[Site "Madrid ESP"]
[Date "2025.09.19"]
[Round "3.5"]
[White "Schnaider, Ilan"]
[Black "Pichot, Alan"]
[Result "1/2-1/2"]
[WhiteTitle "IM"]
[BlackTitle "GM"]
[WhiteElo "2409"]
[BlackElo "2588"]
[WhiteFideId "169013"]
[BlackFideId "110973"]
[EventDate "2025.09.17"]

1. e4 e5 2. Nf3 Nc6 3. Nc3 Nf6 4. a4 Bb4 5. Bd3 Bxc3 6. dxc3 d5 7. Bb5 O-O 8.
Bg5 Bg4 9. h3 Bh5 10. exd5 Qxd5 11. Qxd5 Nxd5 12. O-O-O Bxf3 13. gxf3 a6 14.
Bxc6 bxc6 15. c4 Nb6 16. b3 f6 17. Be3 Rfd8 18. f4 Nd7 19. h4 h5 20. Rhg1 Kf7
21. Kb2 g6 22. Ka3 Rab8 23. Ba7 Rbc8 24. Be3 Rb8 25. fxe5 Nxe5 26. Rxd8 Rxd8 27.
Kb4 Nf3 28. Rh1 Ke6 29. Kc5 Rd6 30. Bf4 Ne5 31. Rg1 Kf5 32. Bg3 Nf3 33. Rh1 Ne5
34. Rg1 Nf3 35. Rh1 Ne5 1/2-1/2

[Event "Legends and Prodigies"]
[Site "Madrid ESP"]
[Date "2025.09.20"]
[Round "4.1"]
[White "Granda Zuniga, Julio E"]
[Black "Lu, Miaoyi"]
[Result "1-0"]
[WhiteTitle "GM"]
[BlackTitle "IM"]
[WhiteElo "2628"]
[BlackElo "2449"]
[WhiteFideId "3800024"]
[BlackFideId "8618020"]
[EventDate "2025.09.17"]

1. c4 e6 2. g3 d5 3. Bg2 Nf6 4. d4 Nc6 5. cxd5 exd5 6. Nc3 Bb4 7. Bg5 h6 8. Bxf6
Qxf6 9. e3 O-O 10. Bxd5 Re8 11. Ne2 Bg4 12. O-O Rad8 13. Qb3 a5 14. Bg2 h5 15.
Nf4 Qh6 16. h4 g5 17. hxg5 Qxg5 18. Ne4 Qh6 19. Nd5 Kg7 20. Ndf6 Rh8 21. Rfc1
Bf5 22. a3 a4 23. Qxa4 Be7 24. Qb5 Qg6 25. Qxb7 Nb8 26. Nd5 Bxe4 27. Nxe7 Bxb7
28. Nxg6 Bxg2 29. Nxh8 Bc6 30. Nxf7 Kxf7 31. Rc5 Kg6 32. Rac1 Bf3 33. Rxc7 Rh8
34. Rc8 Rxc8 35. Rxc8 Nd7 36. a4 Nb6 37. Rb8 Nxa4 38. Rb4 Bd1 39. Kf1 1-0

[Event "Legends and Prodigies"]
[Site "Madrid ESP"]
[Date "2025.09.20"]
[Round "4.2"]
[White "Oro, Faustino"]
[Black "Macias Pino, Diego"]
[Result "1-0"]
[WhiteTitle "IM"]
[BlackTitle "IM"]
[WhiteElo "2464"]
[BlackElo "2503"]
[WhiteFideId "20000197"]
[BlackFideId "24529133"]
[EventDate "2025.09.17"]

1. e4 c5 2. c3 Nf6 3. e5 Nd5 4. Bc4 Nb6 5. Bb3 d6 6. exd6 e6 7. Nf3 Bxd6 8. O-O
Nc6 9. d4 O-O 10. dxc5 Bxc5 11. Qe2 Nd5 12. Rd1 Qb6 13. Bc2 h6 14. a3 Rd8 15. b4
Be7 16. c4 Nf6 17. Rxd8+ Qxd8 18. Bb2 a5 19. b5 Nb8 20. Nbd2 Nbd7 21. Rd1 Qc7
22. Ne4 Kf8 23. c5 Bxc5 24. Nxc5 Qxc5 25. Rc1 Qd6 26. h3 Nd5 27. Qd3 N7f6 28.
Ne5 Bd7 29. Rd1 Be8 30. a4 Qe7 31. Ng4 Qc7 32. Be5 Qb6 33. Qa3+ Kg8 34. Nxh6+
gxh6 35. Qg3+ Kf8 36. Bd6+ Ne7 37. Bxe7+ 1-0

[Event "Legends and Prodigies"]
[Site "Madrid ESP"]
[Date "2025.09.20"]
[Round "4.3"]
[White "Cuenca Jimenez, Jose Fernando"]
[Black "Larino Nieto, David"]
[Result "1-0"]
[WhiteTitle "GM"]
[BlackTitle "GM"]
[WhiteElo "2475"]
[BlackElo "2451"]
[WhiteFideId "2255570"]
[BlackFideId "2256444"]
[EventDate "2025.09.17"]

1. e4 h6 2. d4 a6 3. Nf3 e6 4. Bd3 d5 5. Nc3 Nf6 6. e5 Nfd7 7. Ne2 c5 8. c3 Nc6
9. h4 g6 10. Be3 b6 11. h5 g5 12. O-O Bb7 13. Nh2 Rg8 14. Ng4 f5 15. exf6 Nxf6
16. Ng3 Kd7 17. Bg6 cxd4 18. cxd4 Bg7 19. Ne5+ Ke7 20. Qb3 Na5 21. Qd3 Nc4 22.
Rae1 Qc7 23. Bc1 Nd6 24. b3 Bf8 25. Ba3 Kd8 26. Rc1 Qb8 27. Rc6 Rg7 28. Rfc1 Nd7
29. Qf3 Be7 30. Bxd6 Bxd6 31. Nf7+ Ke7 32. Rxd6 Nf6 33. Rxb6 Rxf7 34. Bxf7 Kxf7
35. Re1 Qc8 36. Rexe6 Qxe6 37. Rxe6 Kxe6 38. Qf5+ Kf7 39. Qg6+ Ke6 40. Nf5 Bc6
41. Ng7+ Ke7 42. Qxh6 Bd7 43. Qxg5 Rg8 44. h6 Kf7 45. f3 1-0

[Event "Legends and Prodigies"]
[Site "Madrid ESP"]
[Date "2025.09.20"]
[Round "4.4"]
[White "Martinez Reyes, Pedro Ramon"]
[Black "Pichot, Alan"]
[Result "0-1"]
[WhiteTitle "IM"]
[BlackTitle "GM"]
[WhiteElo "2376"]
[BlackElo "2588"]
[WhiteFideId "3901807"]
[BlackFideId "110973"]
[EventDate "2025.09.17"]

1. d4 Nf6 2. c4 e6 3. Nc3 Bb4 4. e3 O-O 5. Bd2 d5 6. Nf3 Nbd7 7. Rc1 Be7 8. Qc2
Re8 9. Bd3 dxc4 10. Bxc4 a6 11. e4 c5 12. e5 cxd4 13. Ne4 Nxe4 14. Qxe4 Nc5 15.
Qxd4 b5 16. Be2 Bb7 17. Be3 Qxd4 18. Bxd4 Rec8 19. O-O Bd5 20. b4 Nb7 21. a3 Nd8
22. g3 Nc6 23. Bb2 a5 24. bxa5 Nxa5 25. Nd2 Nc4 26. Nxc4 bxc4 27. Rc3 Rab8 28.
Ba1 Rb3 29. a4 Bb4 30. Rxb3 cxb3 31. Bd3 Ba3 32. Rb1 g5 33. Kf1 Rc2 34. Ke1 Bb4+
35. Kf1 Rd2 36. Be2 Kg7 37. f3 h5 38. h3 h4 39. g4 Ba3 40. Ke1 Rc2 41. Kd1 Ra2
42. Bc3 Rc2 43. Bd2 Ra2 44. a5 Bc5 45. Bc3 Be3 46. a6 Rc2 47. Bb2 Kh6 48. Bc1
Bd4 49. f4 gxf4 50. Bxf4+ Kg7 51. g5 Ra2 52. Bd2 Be4 0-1

[Event "Legends and Prodigies"]
[Site "Madrid ESP"]
[Date "2025.09.20"]
[Round "4.5"]
[White "Almeida Quintana, Omar"]
[Black "Schnaider, Ilan"]
[Result "1/2-1/2"]
[WhiteTitle "GM"]
[BlackTitle "IM"]
[WhiteElo "2494"]
[BlackElo "2409"]
[WhiteFideId "3503313"]
[BlackFideId "169013"]
[EventDate "2025.09.17"]

1. d4 d5 2. Nf3 Nf6 3. c4 e6 4. Nc3 Nbd7 5. cxd5 exd5 6. Bf4 Nb6 7. Qc2 c6 8. e3
Nh5 9. Be5 f6 10. Bg3 Be6 11. Bd3 g6 12. O-O-O Qd7 13. Kb1 O-O-O 14. Na4 Nxg3
15. hxg3 Bf7 16. Nc5 Qc7 17. Rh4 Nd7 18. Nxd7 Qxd7 19. Rdh1 Be8 20. g4 Qe7 21.
Ng1 Qg7 22. Ne2 Bd6 23. g3 Kb8 24. Nf4 Bxf4 25. gxf4 h5 26. Rg1 g5 27. gxh5 Qe7
28. fxg5 fxg5 29. Rhg4 Rxh5 30. Bg6 Bxg6 31. Qxg6 Rh2 32. R4g2 Rxg2 33. Rxg2 Rf8
34. a3 a6 35. Kc1 Ka7 36. Kd1 Qd8 37. Ke2 Rg8 38. Qe6 Re8 39. Qg6 Rg8 40. Qe6
Rh8 41. Qg6 Rg8 1/2-1/2

[Event "Legends and Prodigies"]
[Site "Madrid ESP"]
[Date "2025.09.21"]
[Round "5.1"]
[White "Macias Pino, Diego"]
[Black "Granda Zuniga, Julio E"]
[Result "0-1"]
[WhiteTitle "IM"]
[BlackTitle "GM"]
[WhiteElo "2503"]
[BlackElo "2628"]
[WhiteFideId "24529133"]
[BlackFideId "3800024"]
[EventDate "2025.09.17"]

1. e4 c6 2. d4 d5 3. e5 Bf5 4. h4 h5 5. Bd3 Bxd3 6. Qxd3 e6 7. Nf3 Qa5+ 8. Nbd2
Nh6 9. O-O Nf5 10. Nb3 Qa6 11. Qc3 Nd7 12. a4 Rc8 13. Bg5 c5 14. Nxc5 Bxc5 15.
b4 b6 16. dxc5 bxc5 17. b5 Qb7 18. Rfb1 d4 19. Qd3 c4 20. Qa3 f6 21. exf6 gxf6
22. Re1 Kf7 23. Rad1 e5 24. Bxf6 Kxf6 25. Nxd4 exd4 26. Rxd4 Rhe8 27. Rxe8 Rxe8
28. Rxc4 Ne5 29. Qc3 Kg6 30. Rc5 Qe4 31. Qd2 Qxh4 32. a5 Nd4 33. Rc3 Ne2+ 0-1

[Event "Legends and Prodigies"]
[Site "Madrid ESP"]
[Date "2025.09.21"]
[Round "5.2"]
[White "Schnaider, Ilan"]
[Black "Oro, Faustino"]
[Result "1/2-1/2"]
[WhiteTitle "IM"]
[BlackTitle "IM"]
[WhiteElo "2409"]
[BlackElo "2464"]
[WhiteFideId "169013"]
[BlackFideId "20000197"]
[EventDate "2025.09.17"]

1. e4 c5 2. Nf3 d6 3. d4 cxd4 4. Nxd4 Nf6 5. Bd3 Nc6 6. Be3 Ng4 7. Nxc6 bxc6 8.
Bd2 g6 9. Bc3 Nf6 10. Bxf6 exf6 11. Nd2 Bg7 12. O-O O-O 13. Qf3 Rb8 14. Rab1 Qe7
15. Rfd1 Rd8 16. h3 a5 17. a4 Rb4 18. b3 d5 19. Re1 Be6 20. exd5 cxd5 21. Bb5 f5
22. c3 Rh4 23. Qd3 Rc8 24. Rbc1 Bh6 25. Rc2 Qc5 26. Nf3 Rf4 27. Ree2 Qd6 28. Nd2
Qa3 29. Nb1 Qc5 30. b4 Qa7 31. bxa5 Qxa5 32. Nd2 Bg7 33. Nb3 Qa7 34. Qd2 Re4 35.
Nd4 Bxd4 36. cxd4 Rxc2 37. Qxc2 Qxd4 38. Qa2 Qc3 39. Qb2 Qc5 40. Qc2 Qd4 41. Qa2
f4 42. Qb2 Qc5 43. Rc2 Qe7 44. Rc1 f3 45. Bd3 Rxa4 46. Qe5 Ra8 47. gxf3 Qh4 48.
Bf1 d4 49. Re1 Qd8 50. Rd1 Ra4 51. Rb1 Ra8 52. Rd1 Qc8 53. h4 Ra3 54. Rb1 Ra8
55. Qxd4 Qc7 56. Rd1 Qe7 57. Qf4 h5 58. Rc1 Qd8 59. Rb1 Kh7 60. Kh2 Qe7 61. Kg3
Ra5 62. Bd3 Bf5 63. Bxf5 Rxf5 64. Qd4 g5 65. Qd3 Qe5+ 66. Kh3 gxh4 67. Re1 Qf4
68. Re4 Qxf3+ 69. Qxf3 Rxf3+ 70. Kxh4 Kg6 71. Re6+ f6 72. Re2 Rb3 73. Ra2 Rc3
74. Rb2 Rd3 75. Ra2 Rc3 76. Ra5 Rc1 77. Rb5 Rh1+ 78. Kg3 Rg1+ 79. Kh3 Rg5 80.
Rb8 Kf5 81. Rb4 Rg4 82. Rb5+ Kf4 83. Rxh5 Rg6 84. Ra5 Kf3 85. Rf5+ Ke4 86. Ra5
f5 87. Ra3 f4 88. f3+ Kd4 89. Kh2 Rg3 90. Rb3 Ke5 91. Rb5+ 1/2-1/2